[Event "XXVII RUS-chT Women 2020"]
[Site "Sochi"]
[Date "2020.11.28"]
[Round "9.20"]
[White "Mukhina, Jana"]
[Black "Lukina, Aleksandra"]
[Result "1-0"]
[WhiteElo "2012"]
[BlackElo "2060"]
[Annotator "NA RC"]
[PlyCount "119"]
[EventDate "2020.11.19"]
[EventType "team-tourn"]
[EventCountry "RUS"]
[SourceTitle "playchess.com"]
[Source "ChessBase"]
[SourceQuality "1"]
[TimeControl "40/5400+30:1800+30"]

1. e4 {[%emt 0:00:00]} e6 {[%emt 0:00:00]} 2. d4 {[%emt 0:00:00]} d5 {[%emt 0:00:00]} 3. Nd2 {[%emt 0:00:00]} c5 {[%emt 0:00:00]} 4. exd5 {[%emt 0:00:00]} exd5 {[%emt 0:00:00]} 5. Ngf3 {[%emt 0:00:47]} Nf6 {[%emt 0:00:00]} 6. Bb5+ {[%emt 0:03:07]} Bd7 {[%emt 0:00:08]} 7. Bxd7+ {[%emt 0:01:27]} Nbxd7 {[%emt 0:00:11]} 8. O-O {[%emt 0:00:06]} Be7 {[%emt 0:00:11]} 9. dxc5 {[%emt 0:02:16]} Nxc5 {[%emt 0:00:33]} 10. Nd4 {[%emt 0:00:03]} Qd7 {[%emt 0:02:56]} 11. N2b3 {[%emt 0:08:14]} Nce4 {[%emt 0:02:12]} 12. Qf3 {[%emt 0:07:02]} O-O {[%emt 0:00:49]} 13. Nf5 {[%emt 0:01:00]} Bd8 {[%emt 0:00:37]} 14. Be3 {[%emt 0:02:26]} Rc8 {[%emt 0:04:15]} 15. c3 {[%emt 0:07:29]} Re8 {[%emt 0:09:25]} 16. Bd4 {[%emt 0:16:01]} Qb5 {[%emt 0:10:57]} 17. Nxg7 {[%emt 0:06:04]} Rf8 {[%emt 0:10:09]} 18. Nh5 {[%emt 0:06:05]} Qc6 {[%emt 0:03:53]} 19. Nxf6+ {[%emt 0:12:13]} Bxf6 {[%emt 0:16:34]} 20. Qg4+ {[%emt 0:01:04]} Kh8 {[%emt 0:00:49]} 21. f3 {[%emt 0:00:45]} Bxd4+ {[%emt 0:04:22]} 22. Nxd4 {[%emt 0:00:19]} Nf6 {[%emt 0:00:31]} 23. Nxc6 {[%emt 0:00:37]} Nxg4 {[%emt 0:00:18]} 24. Nxa7 {[%emt 0:00:06]} Ra8 {[%emt 0:01:21]} 25. fxg4 {[%emt 0:00:28]} Rxa7 {[%emt 0:00:25]} 26. Rf5 {[%emt 0:02:31]} d4 {[%emt 0:05:05]} 27. cxd4 {[%emt 0:00:05]} Ra4 {[%emt 0:00:28]} 28. Rd5 {[%emt 0:01:05]} Rb4 {[%emt 0:00:42]} 29. b3 {[%emt 0:01:29]} Ra8 {[%emt 0:02:45]} 30. Rd7 {[%emt 0:00:47]} Kg8 {[%emt 0:02:34]} 31. h3 {[%emt 0:04:07]} b6 {[%emt 0:05:08]} 32. Kf2 {[%emt 0:04:22]} Kf8 {[%emt 0:02:09]} 33. Ke3 {[%emt 0:00:57]} Rxb3+ {[%emt 0:01:31]} 34. axb3 {[%emt 0:00:06]} Rxa1 {[%emt 0:00:03]} 35. Rb7 {[%emt 0:01:57]} Rg1 {[%emt 0:00:25]} 36. Kf3 {[%emt 0:01:43]} Rd1 {[%emt 0:00:15]} 37. Ke4 {[%emt 0:00:13]} Rg1 {[%emt 0:00:37]} 38. Rxb6 {[%emt 0:01:11]} Rxg2 {[%emt 0:00:07]} 39. Rh6 {[%emt 0:04:34]} Kg7 {[%emt 0:02:21]} 40. Rh5 {[%emt 0:00:00]} Rb2 {[%emt 0:00:00]} 41. Rb5 {[%emt 0:02:24]} Rh2 {[%emt 0:01:10]} 42. Rg5+ {[%emt 0:00:08]} Kf6 {[%emt 0:04:03]} 43. Rf5+ {[%emt 0:01:03]} Kg6 {[%emt 0:01:38]} 44. Rf3 {[%emt 0:00:09]} f6 {[%emt 0:03:06]} 45. Kd5 {[%emt 0:00:30]} h6 {[%emt 0:00:45]} 46. b4 {[%emt 0:00:28]} Rb2 {[%emt 0:00:32]} 47. Kc4 {[%emt 0:00:22]} Kf7 {[%emt 0:00:32]} 48. Rb3 {[%emt 0:00:48]} Rc2+ {[%emt 0:00:44]} 49. Kd5 {[%emt 0:00:06]} Ke7 {[%emt 0:00:29]} 50. b5 {[%emt 0:00:17]} Kd7 {[%emt 0:00:40]} 51. b6 {[%emt 0:00:11]} Kc8 {[%emt 0:00:13]} 52. b7+ {[%emt 0:00:07]} Kb8 {[%emt 0:00:03]} 53. Kd6 {[%emt 0:01:47]} Rc4 {[%emt 0:00:48]} 54. d5 {[%emt 0:00:11]} h5 {[%emt 0:02:26]} 55. gxh5 {[%emt 0:01:34]} Rh4 {[%emt 0:00:27]} 56. Kc6 {[%emt 0:00:38]} Rc4+ {[%emt 0:00:26]} 57. Kb6 {[%emt 0:05:17]} f5 {[%emt 0:02:34]} 58. d6 {[%emt 0:01:09]} Rd4 {[%emt 0:00:49]} 59. Kc5 {[%emt 0:00:54]} Rd1 {[%emt 0:00:14]} 60. h6 {[%emt 0:00:19]} 1-0

[Event "XXVII RUS-chT Women 2020"]
[Site "Sochi"]
[Date "2020.11.28"]
[Round "9.21"]
[White "Getman, Tatyana"]
[Black "Grigorieva, Yulia"]
[Result "1-0"]
[WhiteElo "2303"]
[BlackElo "2343"]
[Annotator "TA"]
[PlyCount "127"]
[EventDate "2020.11.19"]
[EventType "team-tourn"]
[EventCountry "RUS"]
[SourceTitle "playchess.com"]
[Source "ChessBase"]
[SourceQuality "1"]

{[%evp 12,127,0,0,112,114,108,122,163,179,178,162,182,178,197,200,200,131,135,127,142,114,116,118,116,122,142,142,147,148,140,137,137,128,123,64,61,73,62,64,81,0,0,-7,0,0,0,0,41,0,2,0,0,0,0,0,0,0,0,0,14,13,18,29,27,20,69,69,186,8,7,7,7,7,103,99,98,93,266,256,262,252,249,256,1852,1961,2081,1862,1556,1419,5193,4813,2429,2085,12813,10602,12793,10779,12249,7468,29963,29957,29974,29975,29985,29985,29985,29986,29986,29970,29987,29988,29991,29992,29993,29989,29993,29994]} 1. d4 Nf6 2. c4 g6 3. f3 d5 4. cxd5 Nxd5 5. e4 Nb6 6. Nc3 Bg7 7. Be3 c5 {D70: Grünfeld: Unusual White 3rd moves (met by ...d5).} (7... O-O $1 $11 {remains equal.}) 8. dxc5 $16 Bxc3+ 9. bxc3 {[#]} Qxd1+ $146 {White is better.} ({Predecessor:} 9... N6d7 10. Bc4 Nc6 11. Qd5 e6 12. Qd6 Qa5 13. Ne2 Nde5 14. Bb3 Bd7 15. Bg5 Qxc5 16. Qxc5 {½-½ (26) Zavodsky,J (1746)-Babula,V (1838) Stare Mesto 2018}) 10. Rxd1 N6d7 11. Bb5 O-O 12. Ne2 a6 13. Ba4 Nc6 14. Bxc6 bxc6 15. Nd4 Nb8 16. Bf4 Bd7 17. Nb3 Be6 18. Na5 Rc8 19. a4 Nd7 20. Be3 Ne5 21. Rd4 Rab8 22. O-O Rb2 23. Bf4 ({Better is} 23. Rfd1 $16) 23... Nd7 $1 $14 24. Rfd1 Nxc5 25. Bh6 {Intending Rd8+ and mate.} f6 26. Nxc6 ({White should play} 26. Rd8+ $16 Kf7 27. Rxc8 Bxc8 28. Rd8 (28. Nxc6 Bd7 $11)) 26... Kf7 $11 ({And not} 26... Rxc6 27. Rd8+ Kf7 28. Rf8#) 27. Rd8 g5 28. Rxc8 Bxc8 29. h4 Bd7 30. Nb4 (30. Rd5 $5 {[%cal Rd5c5]} Rb1+ 31. Kh2 Bxc6 32. Rxc5 Bxa4 33. hxg5 $14) 30... a5 $132 {[%mdl 2048] Black puts up resistance} ({Don't play} 30... gxh4 $6 31. Be3 $16) 31. Nd3 Nxd3 32. Rxd3 Bxa4 33. hxg5 {[%mdl 4096] Endgame KRB-KRB} Bb3 34. Rd8 a4 {And now ...a3 would win.} 35. Ra8 Rb1+ 36. Kh2 Ra1 37. gxf6 Kxf6 38. Be3 a3 {[#]} 39. c4 $1 {[%cal Bc3c4,Bc4c5,Bc5c6,Bc6c7][%mdl 544]} e5 ({Black should try} 39... Ke6 $14) (39... Bxc4 40. Bd4+) 40. Ra6+ $2 ({White must play} 40. c5 $1 $18) 40... Kf7 41. c5 {Black must now prevent c6.} a2 {...Rf1 is the strong threat.} 42. c6 {Strongly threatening c7.} Bc4 (42... Ke6 $1 $11 43. Bd2 Rf1) 43. Ra7+ $16 Ke6 {[#]} 44. Bd2 $1 {Threatens to win with c7.} Kd6 $2 {This move loses the game for Black.} (44... Rb1 $16 {was worth a try.} 45. Bc3 Rb6) 45. c7 $18 Be6 {[#]} 46. Bb4+ $1 Kc6 {intending ...Kb6.} 47. Bc3 $1 {[%csl LRa1,LRe5]} Kb6 $2 (47... Rc1) 48. Bxa1 Kxa7 49. Bxe5 {KB-KB} Kb7 50. Kg3 a1=Q 51. Bxa1 Kxc7 52. f4 Kd7 53. f5 Bb3 54. Kf4 Ke7 55. e5 h5 56. g3 {White mates.} Bd1 57. Bb2 Bg4 58. Ba3+ Kf7 59. e6+ Kf6 60. Bb2+ Ke7 61. Ke5 Kf8 62. f6 h4 63. gxh4 Bh3 64. Ba3+ {Weighted Error Value: White=0.15/Black=0.39} 1-0

[Event "XXVII RUS-chT Women 2020"]
[Site "Sochi"]
[Date "2020.11.28"]
[Round "9.22"]
[White "Baiburina, Kamilla"]
[Black "Nazarova, Anastasia"]
[Result "0-1"]
[WhiteElo "1805"]
[BlackElo "2190"]
[Annotator "TA"]
[PlyCount "124"]
[EventDate "2020.11.19"]
[EventType "team-tourn"]
[EventCountry "RUS"]
[SourceTitle "playchess.com"]
[Source "ChessBase"]
[SourceQuality "1"]

{[%evp 11,124,-8,0,-16,-1,-44,-44,-52,-57,-47,-31,-18,-14,-70,-68,-70,-66,-83,-72,-86,-52,-68,-63,-73,-77,-87,-79,-192,-123,-177,-162,-212,-205,-213,-211,-206,-212,-212,-202,-255,-205,-213,-209,-226,-211,-227,-208,-212,-197,-186,-187,-181,-183,-179,-114,-114,-133,-119,-99,-101,-100,-97,-62,-61,-56,-68,-52,-78,-69,-95,-114,-106,-81,-89,-81,-83,-77,-154,-50,-51,-52,-116,-133,-149,-147,-141,0,-125,-125,-114,-75,-149,-161,-154,-147,-142,-131,-133,-83,-96,-18,-131,-114,-243,-233,-301,-306,-358,-322,-490,-488,-525,-515,-664,-646]} 1. c4 Nf6 2. g3 e6 3. Bg2 d5 4. Nf3 d4 5. O-O c5 6. b3 Nc6 7. e3 {A13: English Opening: 1...e6.} Bd6 8. Bb2 e5 9. d3 {Black is slightly better.} O-O 10. Nbd2 {[#]} dxe3 $146 ({Predecessor:} 10... Bf5 11. e4 Bg4 12. h3 Bd7 13. Ng5 g6 14. f4 Nh5 15. fxe5 Nxe5 16. Ndf3 Nxg3 {0-1 (49) Ticar,C (1753)-Mayrhuber,N (2025) Playchess.com INT 2020}) 11. fxe3 Bg4 12. Ne4 (12. Qc2 $11) 12... Nxe4 $15 13. dxe4 Qe7 14. Qc2 Rad8 15. a3 Qe6 16. Nh4 Qh6 17. Qf2 g6 18. h3 Be6 19. g4 (19. Rad1 $17 {might work better.}) 19... Na5 ({Black should play} 19... Be7 $1 $19 {[%cal Re7h4]} 20. Nf3 Rd3 21. Nxe5 Rxb3 22. Nxc6 bxc6) 20. Nf3 (20. Rad1 $17 f6 21. Qg3) 20... Nxb3 $19 21. Rad1 f6 ({Weaker is} 21... Bxc4 22. g5 $15) 22. Qe2 Na5 23. Nd2 Bc7 24. Bc3 Nc6 25. Rb1 b6 26. Rbd1 Qg7 27. Nf3 h6 28. Rxd8 Bxd8 29. Rc1 Be7 30. Nd2 Rd8 31. Nb1 Qf7 32. Be1 Bf8 (32... Kh8 $19 33. Kh1 Kg7) 33. Bf1 $17 Ne7 {[%cal Bc6e7,Be7c8,Bc8d6][%mdl 32]} 34. Nc3 Nc8 35. Nd5 Nd6 36. Bg2 Bxd5 37. exd5 f5 38. gxf5 gxf5 39. e4 Bg7 40. Bh4 Bf6 41. Bf2 fxe4 42. Bxe4 Kh8 43. Kh1 Rg8 44. Qf3 (44. Rf1 $142 Qd7 45. Bg2) 44... Bg5 (44... Rg7 $1 $17 {...Bg5 is the strong threat.} 45. Rg1 Nxc4 46. Rxg7 Qxg7) 45. Qxf7 $15 Nxf7 46. Rc3 (46. Re1 $15) 46... Nd6 $17 47. Bg2 Bf4 48. Bh4 Bg5 (48... Kg7 $17 49. a4 e4) 49. Bg3 {[#]} (49. Bf2 $1 $11) 49... Re8 $1 50. Bf3 Kg7 51. Kg2 (51. Bh5 $142 Re7 52. Bg4) 51... Bf4 52. Bh5 {Strongly threatening Bxf4.} Re7 53. Bh4 Rb7 54. Kf3 Bd2 55. Rc2 {[#]} e4+ (55... Bg5 $1 $17 56. Bg3 Re7) 56. Ke2 (56. Kg4 $11 {remains equal.} e3 57. Kf4) 56... Bg5 57. Bxg5 {Loses the game.} (57. Bg3 $17 Nf5 58. Be5+ Bf6 59. Bg4) 57... hxg5 {KRB-KRN} 58. Bg4 Kf6 59. Ke3 Ke5 60. Be6 (60. Be2 $142) 60... b5 $19 {Black is clearly winning.} 61. cxb5 Rxb5 62. Rc3 c4 {Weighted Error Value: White=0.34/Black=0.17} 0-1

[Event "XXVII RUS-chT Women 2020"]
[Site "Sochi"]
[Date "2020.11.28"]
[Round "9.23"]
[White "Pogorelskikh, Sofia"]
[Black "Idrisova, Roza"]
[Result "1-0"]
[WhiteElo "2128"]
[BlackElo "1960"]
[Annotator "TA"]
[PlyCount "99"]
[EventDate "2020.11.19"]
[EventType "team-tourn"]
[EventCountry "RUS"]
[SourceTitle "playchess.com"]
[Source "ChessBase"]
[SourceQuality "1"]

{[%evp 9,99,64,51,28,41,0,1,0,-9,-17,-19,-104,-48,-66,0,0,0,-17,-4,-15,-16,-14,-21,-87,-40,-33,-11,-33,-13,-18,-6,-23,0,0,0,0,0,0,11,0,0,0,0,0,0,0,19,19,48,37,63,31,46,48,33,36,53,87,288,273,280,277,567,513,547,584,561,532,1024,1045,1065,616,537,477,1048,1033,926,410,1729,1500,2060,2056,29965,29967,29989,29987,29987,29988,29988,29989,29987,29985]} 1. e4 c6 2. d4 d5 3. Nd2 {[%cal Bb1d2,Bd2e4,Be4c5][%mdl 32]} h6 4. Ngf3 dxe4 5. Nxe4 Bf5 6. Nc5 {B12: Caro-Kann: Advance Variation.} Qc7 7. Bc4 {[#] Strongly threatening Bxf7+!} e6 {[#]} 8. c3 $146 {The position is equal.} ({Predecessor:} 8. O-O b6 9. Nd3 Bd6 10. Qe2 Nf6 11. Re1 Nbd7 12. Nfe5 O-O 13. Bf4 b5 14. Bb3 {½-½ (30) Kveinys,A (2535)-Sadler,M (2631) Germany 2001}) 8... Nf6 9. Nd3 Bd6 10. Nfe5 (10. O-O $11) 10... Nbd7 (10... b5 $17 11. Bb3 c5) 11. Qe2 Nb6 ({Better is} 11... b5 $15 12. Bb3 O-O) 12. Bb3 $11 a5 13. Bc2 Nfd7 14. Bf4 Nxe5 15. Bxe5 Bxe5 16. dxe5 (16. Nxe5 $11 {keeps the balance.} Bxc2 17. Qxc2) 16... Rd8 17. O-O-O Rd5 18. Rhe1 O-O 19. Nf4 Rxd1+ 20. Rxd1 Bxc2 21. Kxc2 Rd8 22. Rxd8+ Qxd8 23. Qe4 Nd5 24. Nxd5 exd5 {[%mdl 4096] Endgame KQ-KQ} 25. Qg4 Qe7 26. f4 a4 27. g3 g6 28. Qc8+ Kg7 29. Qa8 Qc5 {And now ...Qf2+ would win.} 30. Qxa4 Qf2+ 31. Kb3 Qxh2 32. Qd4 {Hoping for e6+.} Qe2 (32... Qxg3 33. e6+ f6 34. Qb4 $18) 33. a4 Kf8 $2 {Loses the game.} (33... g5 $16 {is a better defense.}) 34. Qb4+ $18 Kg7 35. Qxb7 Qc4+ $2 (35... d4 36. cxd4 (36. Qxc6 d3 $11) 36... Qd1+ 37. Kb4 Qxd4+ 38. Ka3 Qd3+ 39. Qb3 Qd8) 36. Ka3 {e6 is the strong threat.} Qc5+ 37. Qb4 Qg1 {and the idea ...c5 leaves Black hopeful.} 38. Ka2 Qxg3 39. a5 Qd3 40. Qb6 Qc4+ 41. Ka3 c5 (41... Qf1 $142 42. Qxc6 Qa1+ 43. Kb4 Qxb2+ 44. Ka4 Qa2+ 45. Kb5 Qb2+ 46. Ka6 g5 47. fxg5 (47. Qxd5 gxf4 48. Qd4 Qe2+ 49. Kb6 f3 $16) 47... hxg5 48. Qf6+ {[%mdl 64] Double Attack} (48. Qxd5 Qxc3 49. e6 Qc8+ 50. Kb5 Qb8+ 51. Kc4 Qc8+ 52. Kd4 fxe6 $16) 48... Kg8 49. Qxg5+ Kf8 50. Qd8+ Kg7 51. Qf6+ Kg8 52. Qd8+ Kg7 53. Qf6+ Kg8 54. Qd8+ Kg7) 42. a6 Qf1 43. Ka4 {aiming for a7.} Qa1+ (43... Qc4+ $142 44. Ka5 Qa2+ 45. Kb5 Qc4+ 46. Kc6 d4) 44. Kb5 Qxb2+ {[#]} 45. Kc6 $1 {[%mdl 576] Discovered Attack} Qxc3 46. a7 {White mates.} d4 47. Kc7 Qa3 48. Qf6+ Kg8 49. Qd8+ Kg7 50. a8=Q {Weighted Error Value: White=0.20/Black=0.43} 1-0

[Event "XXVII RUS-chT Women 2020"]
[Site "Sochi"]
[Date "2020.11.28"]
[Round "9.24"]
[White "Absalyamova, Karina"]
[Black "Yurasova, Daria"]
[Result "0-1"]
[WhiteElo "1884"]
[BlackElo "2075"]
[Annotator "TA"]
[PlyCount "68"]
[EventDate "2020.11.19"]
[EventType "team-tourn"]
[EventCountry "RUS"]
[SourceTitle "playchess.com"]
[Source "ChessBase"]
[SourceQuality "1"]

{[%evp 16,68,19,2,23,-6,41,6,59,53,46,44,42,8,19,20,22,-21,-14,-27,-18,-46,-52,-47,-17,-17,-14,-40,-31,-40,-31,-33,-34,-202,-200,-191,-194,-193,-162,-307,-293,-295,-43,-295,-286,-483,-202,-202,-206,-2113,-2042,-2043,-1818,-1953,-1948]} 1. d4 Nf6 2. c4 e6 3. Nc3 Bb4 4. e3 b6 5. Nf3 Bb7 6. Bd3 c5 7. Bd2 cxd4 8. exd4 O-O 9. O-O Be7 {E43: Nimzo-Indian: Rubinstein: 4...b6.} 10. Bf4 d6 11. Re1 Nbd7 (11... d5 $11) 12. Rc1 a6 13. b4 Rc8 {[#]} 14. Qe2 $146 ({Predecessor:} 14. h3 e5 15. Bh2 exd4 16. Nxd4 d5 17. Qb3 dxc4 18. Bxc4 b5 19. Bf1 g6 20. a4 bxa4 21. Nxa4 Rxc1 22. Rxc1 {1-0 (63) Matsenko,S (2533)-Grabinsky,A (2345) Chicago 2017}) 14... Re8 15. a3 Bf8 16. Nd2 e5 17. dxe5 Nxe5 18. Qf1 Nxd3 19. Qxd3 Rxe1+ (19... d5 {looks sharper.} 20. cxd5 Nxd5 21. Nxd5 Qxd5 22. Qxd5 Rxe1+ 23. Rxe1 Bxd5 24. Nf1 f6) 20. Rxe1 d5 {Hoping for ...dxc4.} 21. Nxd5 Nxd5 22. cxd5 Qxd5 23. Qxd5 Bxd5 24. Ne4 $2 {[#]} (24. Nf1 $15) 24... Rc4 $1 $19 25. f3 f5 26. Rd1 {[#]} Bc6 $1 {[%mdl 64] Pin} ({Much less strong is} 26... fxe4 27. Rxd5 exf3 28. g3 $17) ({Worse is} 26... Bf7 27. Rd8 $14) 27. Rd8 (27. Ng5 {is the only way for White.} Rxf4 28. Rd8) 27... fxe4 28. Bd6 {[%csl Gd6][%cal Rd8f8]} Rc1+ 29. Kf2 {[%csl Gd6][%cal Rd8f8] [#]} e3+ $1 30. Kg3 $2 (30. Kxe3 Re1+ 31. Kf4) 30... Kf7 (30... g6 $142 {Strongly threatening ...e2.} 31. Bxf8 Kf7) 31. Rxf8+ Ke6 32. b5 $2 (32. Bf4 e2 33. Bd2) 32... Kxd6 {Black is clearly winning.} 33. bxc6 e2 34. Rd8+ Kc7 {Weighted Error Value: White=0.81/Black=0.22} 0-1